000
00310nam a22001337a 4500
008
180807b xxu||||| |||| 00| 0 eng d
082
_a
813.52
245
_a
Lippincott's Review for NCLEX-RN
_c
LIPPINCOTT'S
260
_c
1998
300
_a
1
_f
FLOPY
440
_x
KT7E03C2
760
_b
6 th
942
_2
ddc
_c
MX
999
_c
46930
_d
46930